KOHA-Header-6

Principles of Auditing 2012 (Record no. 2660)

000 -LEADER
fixed length control field 00274nam a2200109Ia 4500
008 - FIXED-LENGTH DATA ELEMENTS--GENERAL INFORMATION
fixed length control field 190902s9999||||xx |||||||||||||| ||und||
100 ## - MAIN ENTRY--PERSONAL NAME
Personal name Prof. Dr. Khawaja Amjad Saeed
245 #0 - TITLE STATEMENT
Title Principles of Auditing 2012
260 ## - PUBLICATION, DISTRIBUTION, ETC. (IMPRINT)
Place of publication, distribution, etc India
Name of publisher, distributor, etc S. Chand
Date of publication, distribution, etc 2012
300 ## - PHYSICAL DESCRIPTION
Extent 423
942 ## - ADDED ENTRY ELEMENTS (KOHA)
Koha item type Books
Holdings
Withdrawn status Lost status Damaged status Not for loan Collection code Permanent Location Current Location Shelving location Date acquired Total Checkouts Total Renewals Barcode Date last seen Date checked out Price effective from Koha item type
          MAJU MAJU   2019-09-02 2 1 6294 2022-09-29 2022-03-07 2019-09-02 Accounting

Powered by Koha